000 00745nam a22002177a 4500
005 20240530110344.0
008 141130s2010 ua grb 000 0 ara d
040 _aEG-CaGPL
041 0 _aara
082 0 4 _221
_a909\
_bس ف
100 0 _aسعيد محمد السقا
245 1 _aفلسفة الحضارة و حوار الحضارات /
_cسعيد محمد السقا
260 _aالاسكندرية :
_bدار المعرفة الجامعية ،
_c2010
300 _a241 ص ؛
_c24 سم
504 _aببليوجرافية : ص 235- 240
650 0 4 _aالحضارة
_xتاريخ
650 0 4 _aصراع الثقافات
650 0 4 _aالحضارة
_xفلسفة
942 _2ddc
_cBK
999 _c59942
_d59942